Variation and evolution in plants (Record no. 21144)

MARC details
000 -LEADER
fixed length control field 00420nam a2200157Ia 4500
082 ## - DEWEY DECIMAL CLASSIFICATION NUMBER
Classification number 581.15
Item number STE
100 ## - MAIN ENTRY--AUTHOR NAME
Personal name STEBBINS, G Ledyard
245 #0 - TITLE STATEMENT
Title Variation and evolution in plants
260 ## - PUBLICATION, DISTRIBUTION, ETC. (IMPRINT)
Place of publication Calcutta
Name of publisher Oxford & IBH
Year of publication 1950
490 ## - SERIES STATEMENT
Series statement Columbia biological series
650 ## - SUBJECT ADDED ENTRY--TOPICAL TERM
Topical Term Hybridization
650 ## - SUBJECT ADDED ENTRY--TOPICAL TERM
Topical Term Polyploidy
650 ## - SUBJECT ADDED ENTRY--TOPICAL TERM
Topical Term Variation pattern
942 ## - ADDED ENTRY ELEMENTS (KOHA)
Koha item type Books
Holdings
Withdrawn status Lost status Damaged status Not for loan Home library Current library Date acquired Full call number Accession Number Koha item type
        RRII Library RRII Library 16/12/2021 581.15 STE 01864 Books